000 00607cam a22002053a 4500
001 41158
003 PGUSA
005 20140828083928.0
008 121024s2012||||xxu|||||s|||||000 | eng d
040 _aPGUSA
_beng
042 _adc
100 1 _aIngersoll, Ernest
245 1 0 _aGolden Alaska :
_bA Complete Account to Date of the Yukon Valley
_h[electronic resource] /
_cErnest Ingersoll
260 _bProject Gutenberg,
_c2012
506 _aPublic domain in the USA.
516 _aElectronic text
830 0 _aProject Gutenberg
_v41158
856 4 0 _uhttp://www.gutenberg.org/ebooks/41158
942 _cEB
999 _c270410
_d270410